| 000 | 00499cam a2200193ua 4500 | ||
|---|---|---|---|
| 020 |
_a81 203 0798 4 _c89.00 |
||
| 041 |
_aeng _h |
||
| 082 |
_a004.165 _bNOR/IN |
||
| 100 | _aNorton, Peter . | ||
| 245 |
_aInside the IBM PC and PS/2 / _cPeter Norton. _hTextual Documents |
||
| 250 |
_a4 / _b. |
||
| 260 |
_aNew Delhi : _bPrentice Hall of India Pvt Ltd. , _c1994. |
||
| 300 | _a398 ; . | ||
| 365 | _a89.00 | ||
| 504 | _a | ||
| 942 | _cBK | ||
| 999 |
_c9601 _d9601 |
||